| 000 | 00787nam a2200229 i 4500 | ||
|---|---|---|---|
| 001 | 46528 | ||
| 003 | ES-MaACL | ||
| 005 | 20251003063059.0 | ||
| 007 | t| | ||
| 008 | 030331s1967 sp ||||1| cat d | ||
| 100 | 1 |
_aCongar, Yves, _d1904-1995 _940170 |
|
| 245 | 1 | 0 |
_aDiari del Concili _b: quarta sessió / _cYves M. J. Congar ; traducció María Teresa Bial i Massons. |
| 250 | _a1ª ed. | ||
| 260 |
_aBarcelona : _bEstela Tossal, _c1967. |
||
| 300 |
_a303 p. ; _c20 cm. |
||
| 490 | 1 |
_aCol.lecció "Concili Vatica II" ; _v16 |
|
| 611 | 0 | 4 |
_aConcilio Vaticano ( _n2º. _d1962-1965) _9122 |
| 700 | 1 |
_aBial i Massons, María Teresa. _928736 |
|
| 830 | 0 |
_aCol.lecció "Concili Vatica II" ; _v16 _9229985 |
|
| 852 |
_aES-MaACL _jC-31641 _bR.62124 |
||
| 999 |
_c46528 _d46528 |
||